[Event "CZE-ch (Women)"]
[Site "Frydek Mistek"]
[Date "2021.09.13"]
[Round "3"]
[White "Kanakova, Natalie"]
[Black "Nemcova, Karin"]
[Result "1-0"]
[WhiteElo "2180"]
[BlackElo "2137"]
[PlyCount "81"]
[EventDate "2021.09.11"]
[EventType "tourn"]
[EventRounds "9"]
[EventCountry "CZE"]
[SourceTitle "CBM 204 Extra"]
[Source "ChessBase"]
[SourceDate "2021.11.30"]
[SourceVersion "1"]
[SourceVersionDate "2021.11.30"]
[SourceQuality "1"]

1. d4 Nf6 2. c4 e6 3. Nc3 d5 4. e3 c5 5. Nf3 a6 6. cxd5 exd5 7. Bd3 c4 8. Bc2 Bb4 9. 0-0 0-0 10. Ne5 Nc6 11. a3 Ba5 12. f4 h5 13. h3 h4 14. Bd2 Bxc3 15. Bxc3 Nxe5 16. fxe5 Ne4 17. Bxe4 dxe4 18. Qh5 a5 19. Rf4 Ra6 20. e6 Rxe6 21. Bxa5 b6 22. Bb4 Rh6 23. Qe2 Re8 24. Qxc4 Be6 25. Qb5 Rg6 26. Kh2 Rg5 27. Qe2 Rg3 28. Be1 Rg6 29. Bxh4 Qc7 30. Qf2 Rc8 31. Bg3 Qb7 32. Qd2 Qc6 33. Rff1 Qb5 34. Rac1 Bc4 35. Rf2 Rgc6 36. Rc3 Qd5 37. Qc1 Bd3 38. Rxc6 Rxc6 39. Qd1 Qb5 40. Qg4 Rc1 41. Be5 1-0

[Event "CZE-ch (Women)"]
[Site "Frydek Mistek"]
[Date "2021.09.12"]
[Round "2"]
[White "Olsarova, Karolina"]
[Black "Kanakova, Natalie"]
[Result "1/2-1/2"]
[WhiteElo "2280"]
[BlackElo "2180"]
[PlyCount "79"]
[EventDate "2021.09.11"]
[EventType "tourn"]
[EventRounds "9"]
[EventCountry "CZE"]
[SourceTitle "CBM 204 Extra"]
[Source "ChessBase"]
[SourceDate "2021.11.30"]
[SourceVersion "1"]
[SourceVersionDate "2021.11.30"]
[SourceQuality "1"]

1. e4 e5 2. Nf3 Nc6 3. Bb5 a6 4. Ba4 Nf6 5. 0-0 b5 6. Bb3 Bc5 7. d3 h6 8. Be3 d6 9. a4 Rb8 10. axb5 axb5 11. c3 0-0 12. Nbd2 Bb6 13. Re1 Re8 14. Nf1 Be6 15. Bxe6 Rxe6 16. Ra6 Bxe3 17. Nxe3 d5 18. Nf5 Qd7 19. Qa1 Ree8 20. Qa3 Kh7 21. Qc5 Re6 22. Raa1 g6 23. Ng3 b4 24. Rad1 bxc3 25. bxc3 Qd6 26. Qxd6 cxd6 27. Rb1 Ree8 28. Kf1 Kg7 29. Nd2 dxe4 30. Ngxe4 d5 31. Nxf6 Kxf6 32. c4 dxc4 33. dxc4 Nd4 34. Ne4+ Ke6 35. Nc5+ Kd6 36. Ne4+ Kc6 37. Rxb8 Rxb8 38. Nf6 Rb4 39. Rxe5 Rxc4 40. Re1 1/2-1/2

[Event "BL 1920 (Women)"]
[Site "Germany"]
[Date "2021.09.04"]
[Round "10.6"]
[White "Kanakova, Natalie"]
[Black "Troyke, Doreen"]
[Result "1/2-1/2"]
[WhiteElo "2180"]
[BlackElo "2036"]
[PlyCount "97"]
[EventDate "2019.09.14"]
[EventType "team-tourn"]
[EventRounds "11"]
[EventCountry "GER"]
[SourceTitle "EXT 2022"]
[Source "ChessBase"]
[SourceDate "2021.10.06"]
[SourceVersion "1"]
[SourceVersionDate "2021.10.06"]
[SourceQuality "1"]
[WhiteTeam "Rodewisch (W)"]
[BlackTeam "Erfurt Medizin (W)"]
[WhiteTeamCountry "GER"]
[BlackTeamCountry "GER"]

1. Nf3 d5 2. c4 e6 3. e3 Nf6 4. b3 Be7 5. Bb2 0-0 6. Nc3 c5 7. cxd5 exd5 8. d4 Nc6 9. Be2 h6 10. 0-0 Be6 11. Rc1 Ne4 12. dxc5 Nxc5 13. Nb5 Rc8 14. a3 Ne4 15. b4 a5 16. bxa5 Qxa5 17. Qd3 Rfd8 18. Rfd1 Bg4 19. h3 Bh5 20. Nbd4 Nxd4 21. Nxd4 Rxc1 22. Rxc1 Bxe2 23. Qxe2 Nd6 24. Nb3 Qb6 25. Qg4 g6 26. Qd4 Qxd4 27. Bxd4 Nc4 28. a4 f5 29. Kf1 Kf7 30. Ke2 Ra8 31. Ra1 Ra6 32. Kd3 Rc6 33. Rb1 Ra6 34. Ra1 Rc6 35. a5 Bb4 36. Ra4 Be7 37. Bc3 Nd6 38. Nd4 Ra6 39. Ra1 Ne4 40. Be1 b6 41. f3 Nc5+ 42. Kc2 Nb7 43. Nc6 bxa5 44. Nxa5 Nxa5 45. Rxa5 Rxa5 46. Bxa5 Bc5 47. Kd3 h5 48. Bc3 Ke6 49. Bb2 1/2-1/2

[Event "Skalica op"]
[Site "Skalica"]
[Date "2021.08.23"]
[Round "3"]
[White "Lanka, Zigurds"]
[Black "Kanakova, Natalie"]
[Result "1/2-1/2"]
[WhiteElo "2412"]
[BlackElo "2177"]
[PlyCount "72"]
[EventDate "2021.08.21"]
[EventType "swiss"]
[EventRounds "9"]
[EventCountry "SVK"]
[SourceTitle "CBM 204 Extra"]
[Source "ChessBase"]
[SourceDate "2021.11.30"]
[SourceVersion "1"]
[SourceVersionDate "2021.11.30"]
[SourceQuality "1"]

1. e4 c5 2. Nf3 d6 3. d4 cxd4 4. Nxd4 Nf6 5. Nc3 a6 6. h3 e6 7. g4 Nfd7 8. Bg2 b5 9. a3 Bb7 10. g5 Qc7 11. f4 Nc6 12. h4 g6 13. h5 Bg7 14. Nde2 gxh5 15. Rxh5 h6 16. gxh6 Rxh6 17. Rxh6 Bxh6 18. Ng3 0-0-0 19. a4 b4 20. Nce2 Qb6 21. Nf1 Nc5 22. Be3 b3 23. cxb3 Qb4+ 24. Nc3 Nxb3 25. Rb1 Ncd4 26. Kf2 Kb8 27. Qh5 Rh8 28. Qxf7 Rf8 29. Qe7 Nc6 30. Qxe6 Bxf4 31. Bxf4 Rxf4+ 32. Kg3 Bc8 33. Qd5 Rg4+ 34. Kh2 Rh4+ 35. Kg3 Rg4+ 36. Kh2 Rh4+ 1/2-1/2

[Event "Skalica op"]
[Site "Skalica"]
[Date "2021.08.22"]
[Round "2"]
[White "Kanakova, Natalie"]
[Black "Walterova, Ema"]
[Result "1-0"]
[WhiteElo "2177"]
[BlackElo "1804"]
[PlyCount "67"]
[EventDate "2021.08.21"]
[EventType "swiss"]
[EventRounds "9"]
[EventCountry "SVK"]
[SourceTitle "CBM 204 Extra"]
[Source "ChessBase"]
[SourceDate "2021.11.30"]
[SourceVersion "1"]
[SourceVersionDate "2021.11.30"]
[SourceQuality "1"]

1. Nf3 d5 2. e3 Nf6 3. c4 e6 4. b3 Be7 5. Bb2 Nbd7 6. Nc3 c6 7. d4 0-0 8. Bd3 Re8 9. 0-0 Nf8 10. Ne5 c5 11. Bc2 dxc4 12. bxc4 Qc7 13. Qf3 a6 14. Ne4 h6 15. dxc5 Bd7 16. Rfd1 Rad8 17. Nd6 Bxd6 18. cxd6 Qa5 19. Bd4 Rb8 20. c5 Ba4 21. Nc4 Qb4 22. Bxa4 Qxa4 23. Nb6 Qc6 24. Qg3 Ng6 25. Bxf6 gxf6 26. Rac1 Kh7 27. e4 Ne5 28. Qf4 Rg8 29. f3 Qb5 30. Rc2 Nd3 31. Qe3 Ne5 32. f4 Ng4 33. Qd3 Qc6 34. h3 1-0

[Event "CZE-ch (Women)"]
[Site "Frydek Mistek"]
[Date "2020.09.12"]
[Round "8"]
[White "Kanakova, Natalie"]
[Black "Richterova, Natasa"]
[Result "1/2-1/2"]
[WhiteElo "2134"]
[BlackElo "2228"]
[PlyCount "85"]
[EventDate "2020.09.05"]
[EventType "tourn"]
[EventRounds "9"]
[EventCountry "CZE"]
[SourceTitle "CBM 198 Extra"]
[Source "ChessBase"]
[SourceDate "2020.11.30"]
[SourceVersion "1"]
[SourceVersionDate "2020.11.30"]
[SourceQuality "1"]

1. c4 Nf6 2. g3 e5 3. Bg2 d5 4. cxd5 Nxd5 5. Nc3 Nb6 6. Nf3 Nc6 7. 0-0 Be7 8. a3 0-0 9. b4 Be6 10. Rb1 f6 11. b5 Nd4 12. e3 Nxf3+ 13. Bxf3 Qc8 14. d4 Rd8 15. Qc2 exd4 16. exd4 Bf5 17. Be4 Bxe4 18. Qxe4 Bd6 19. a4 a5 20. bxa6 Rxa6 21. Be3 Re8 22. Qf3 c6 23. d5 Nxa4 24. Nxa4 Rxa4 25. dxc6 Qxc6 26. Qd1 Be5 27. Rb6 Qc4 28. Qd7 Rf8 29. Rc1 Ra1 30. Rxa1 Bxa1 31. Rxb7 Rf7 32. Qe8+ Rf8 33. Qe7 Qf7 34. Qb4 Qd5 35. Qe7 Qf7 36. Qe4 Qh5 37. Qe6+ Kh8 38. Qd6 Rg8 39. Rb8 Qf7 40. Rxg8+ Qxg8 41. f4 Qc8 42. Qa3 Bc3 43. Qc5 1/2-1/2